Culture Générale - Série 1053 - Statistiques

Statistiques générales
  • Ce quiz a été pris 82 fois
  • Le résultat moyen est 3 sur 10
Statistiques - réponses
Question Réponse % Correct
Quelle ville du Massachusetts, aux Etats Unis, est célèbre pour le procès des sorcières, en 1692 ? Salem
88%
Pilote de l'Empire du Japon, qui effectuait des missions-suicides pendant la guerre du Pacifique kamikaze
71%
Par quel mot de 5 lettres, commençant par "p" désigne-t-on une soif intense ? pépie
44%
Terme de droit, qui désigne une décision d'accorder un délai ou une suspension volontaire d'une action - commençant par "m" et en 8 lettres moratoire
31%
Quel espèce d'animal est le "tarsier" ? singe
29%
Ces trois lettres désignent la maladie de la vache folle ESB
18%
Longue lance mesurant de 3 à 7 mètres utilisée par les phalanges macédoniennes, dont l'anagramme est "rassise" ? sarisse
14%
Bois exotique, dur, d'un brun violet veiné de noir qui noircit avec le temps, commençant par "p" et en 11 lettres palissandre
11%
Dans la mythologie romaine, c'est un jeune berger sicilien qui fut aimé de la Néréide Galatée Acis
8%
Peinture sur une tablette de bois d'art renaissance d'Antonio Pollaiolo datant de 1475 environ, intitulée " Hercule et ... Antée
1%
Aucun quiz correspondant
Distribution des résultats
% des personnes avec chaque résultat
Percentile par nombre de réponses
Votre historique - résultats
Vous n’avez pas pris ce quiz